Flags of Separatist Movements in Somalia - Statistics

General Stats
  • This quiz has been taken 14 times
    11 since last reset
  • The average score is 3 of 8
Answer Stats
Picture Hint Answer % Correct
Ancient Kingdom of Punt Puntland
100%
Got independence back in 1991, 1 country recognised it in 2025 Somaliland
100%
Next door neighbour is Kenya Jubaland
50%
Central Somalia Galmudug
30%
Same clan as Djibouti Awdalland
20%
Capital city is Mogadishu Banaadir
10%
Clashes between two autonomous states Khatumo State
10%
Speaks a different dialect of Somali South West State
10%
No matching quizzes found
Score Distribution
Percent of People with Each Score
Percentile by Number Answered
Your Score History
You have not taken this quiz since the last reset